Guillermo Carey

Guardado en:
Detalles Bibliográficos
Autor principal: Culross, Santiago
Formato: Libro
Lenguaje:español
Publicado: Casa Bautista de Publicaciones. 1924.
Materias:
Etiquetas: Agregar Etiqueta
Sin Etiquetas, Sea el primero en etiquetar este registro!

MARC

LEADER 00000nam a22000005a 4500
001 11448
003 CL-ChBUA
005 20120815103333.0
008 070301s1924 xxu 000 0 spa
040 |a CL-ChBUA  |c CL-ChBUA 
082 0 0 |a 266.92 
090 |c 11448  |d 11448 
100 1 |a Culross, Santiago. 
245 1 0 |a Guillermo Carey 
260 |b Casa Bautista de Publicaciones.  |c 1924. 
300 |a 172 p.  |c 19 cm. 
504 |a Indice. 
650 4 |a CAREY, GUILLERMO - BIOGRAFIA. 
942 |c LIB 
952 |0 0  |1 0  |4 0  |7 0  |9 16511  |a UNACH  |b UNACH  |c 200  |d 2007-03-05  |i 3.368.  |l 0  |o 266.92 / C 968.  |p 17510  |r 2026-03-20 12:08:27  |u 16511  |w 2012-08-08  |y LIB  |k 266.92 / C 968. 
999 |c 11448  |d 11448